10 Najmłodszych państw świata - Statystyki

Ogólne statystyki
  • Ten quiz został rozwiązany 226 razy
  • Średni wynik to 6 z 10
Statystyki odpowiedzi
podpowiedzi odpowiedzi % Poprawnych
2. 2008 Kosowo
92%
1. 2011 Sudan południowy
89%
3/4 2006 Czarnogóra
83%
3/4 2006 Serbia
77%
7/8/9 1993 Słowacja
59%
7/8/9 1993 Czechy
58%
5 2002 Timor wschodni
56%
10 1991 Kazachstan
40%
6 1994 Palau
26%
7/8/9/ 1993 Erytrea
25%
Nie znaleziono quizów pasujących do podanych kryteriów
Rozkład punktacji
Procent ludzi z każdym wynikiem
Percentyl według liczby udzielonych odpowiedzi
Twoja historia wyników
Nie rozwiązałeś tego quizu